Puss in boots

Bibliographic Details
Other Authors: Deepti, Shilpi
Format: Book
Published: Kuala Lumpur : Scholar's Publication Sdn Bhd , [200?]
Series:Scholar's popular fairy tales
Subjects:

MARC

LEADER 00000cam a2200000 7i4500
001 0000002034
005 20220105103931.0
020 |a 9833515215 
020 |a 9833515274(set) 
090 0 0 |a JP   |b FT ENG (2325) 
245 1 0 |a Puss in boots   |c Edited by Shilpi & Deepti 
260 |a Kuala Lumpur :   |b Scholar's Publication Sdn Bhd ,   |c [200?] 
440 |a Scholar's popular fairy tales 
500 |a Children age 4-6 years old (yellow) 
650 0 |a Fairy tales   |x Fiction 
700 0 |a Deepti 
700 0 |a Shilpi 
999 |a 0000020381   |b Book   |c Children Collection   |e Cawangan Taman Universiti 
999 |a 0000020383   |b Book   |c Children Collection   |e Cawangan Taman Universiti 
999 |a 0000965836   |b Book   |c Children Collection   |e Perbadanan Perpustakaan Awam Johor 
999 |a 0000965837   |b Book   |c Children Collection   |e Perbadanan Perpustakaan Awam Johor 
999 |a 0000965838   |b Book   |c Children Collection   |e Perbadanan Perpustakaan Awam Johor 
999 |a 0000965839   |b Book   |c Children Collection   |e Perbadanan Perpustakaan Awam Johor 
999 |a 0000965840   |b Book   |c Children Collection   |e Perbadanan Perpustakaan Awam Johor 
999 |a 0001139829   |b Book   |c Teenagers   |e Cawangan Bukit Gambir